Language Quiz

Random Language or French Quiz

Commonest French Words Quiz Stats

Quiz Updated Apr 17, 2013

Challenge
Share
Tweet
Embed
Score 0/50 Timer 10:00
2 Plays Today
Rank Word % Correct
2avoir
92.6%
11a
92.1%
12un
90%
7le/la/les
89%
1être
85.2%
8vous
84.9%
3je
82%
4de
78.8%
9il
77.2%
28me
72.6%
31elle
72.3%
10et
71.6%
29nous
70%
33
67.4%
14aller
62.4%
20que
59.2%
16ce
57%
37non
54.6%
46sur
54.4%
42oui
54.2%
49bon
53.9%
43ils
53.5%
21mes
52%
6pas
47.2%
5ne
46.7%
Rank Word % Correct
17faire
46.7%
15en
45.7%
13qui
45.5%
22pour
45.4%
19on
45.3%
23se
44.7%
25pouvoir
42.8%
39si
42.8%
35voir
41.3%
27mais
40.2%
30dans
36.8%
38avec
36.3%
26vouloir
36.2%
44comme
36%
50suivre
35.1%
40quoi
32.8%
34bien
31.6%
32savoir
29%
24dire
27%
18tout
23.5%
45venir
23.4%
41devoir
22.5%
36plus
22.3%
48rien
17.2%
47ici
16.5%

You're not logged in!

Compare scores with friends on all Sporcle quizzes.
Join for Free
OR
Log In

You Might Also Like...

Show Comments

Extras

Top Quizzes Today


Score Distribution

Your Account Isn't Verified!

In order to create a playlist on Sporcle, you need to verify the email address you used during registration. Go to your Sporcle Settings to finish the process.

Report this User

Report this user for behavior that violates our Community Guidelines.

Details: